<?xml version="1.0" encoding="UTF-8"?>
<record
    xmlns:xsi="http://www.w3.org/2001/XMLSchema-instance"
    xsi:schemaLocation="http://www.loc.gov/MARC21/slim http://www.loc.gov/standards/marcxml/schema/MARC21slim.xsd"
    xmlns="http://www.loc.gov/MARC21/slim">

  <leader>02858cam a22004454i 4500</leader>
  <controlfield tag="003">PE-LiUPU</controlfield>
  <controlfield tag="005">20250731165440.0</controlfield>
  <controlfield tag="008">160614s2013    pe a   grm    000 0 spa d</controlfield>
  <datafield tag="035" ind1=" " ind2=" ">
    <subfield code="a">(Sirsi) a157234</subfield>
  </datafield>
  <datafield tag="040" ind1=" " ind2=" ">
    <subfield code="a">PE-LiUPU</subfield>
    <subfield code="b">spa</subfield>
    <subfield code="c">PE-LiUPU</subfield>
    <subfield code="e">rda</subfield>
  </datafield>
  <datafield tag="099" ind1=" " ind2=" ">
    <subfield code="a">TE 2</subfield>
    <subfield code="b">M22 2013</subfield>
  </datafield>
  <datafield tag="100" ind1="1" ind2=" ">
    <subfield code="a">Mamani Mor&#xF3;n, Milka Elenisse,</subfield>
    <subfield code="e">autor</subfield>
  </datafield>
  <datafield tag="245" ind1="1" ind2=" ">
    <subfield code="a">Efectividad del programa "Playing and learning" en el desarrollo de la expresi&#xF3;n oral del idioma ingl&#xE9;s en los estudiantes del sexto grado de primaria del Colegio Uni&#xF3;n de &#xD1;a&#xF1;a /</subfield>
    <subfield code="c">Milka Elenisse Mamani Mor&#xF3;n.</subfield>
  </datafield>
  <datafield tag="264" ind1=" " ind2="0">
    <subfield code="c">2013.</subfield>
  </datafield>
  <datafield tag="300" ind1=" " ind2=" ">
    <subfield code="a">192 hojas : </subfield>
    <subfield code="b">ilustraciones;</subfield>
    <subfield code="c">30 cm</subfield>
  </datafield>
  <datafield tag="336" ind1=" " ind2=" ">
    <subfield code="a">text</subfield>
    <subfield code="2">rdacontent</subfield>
  </datafield>
  <datafield tag="337" ind1=" " ind2=" ">
    <subfield code="a">unmediated</subfield>
    <subfield code="2">rdamedia</subfield>
  </datafield>
  <datafield tag="338" ind1=" " ind2=" ">
    <subfield code="a">volume</subfield>
    <subfield code="2">rdacarrier</subfield>
  </datafield>
  <datafield tag="502" ind1=" " ind2=" ">
    <subfield code="a">Tesis</subfield>
    <subfield code="b">(Lic.) -- </subfield>
    <subfield code="c">Universidad Peruana Uni&#xF3;n,</subfield>
    <subfield code="d">2013.</subfield>
  </datafield>
  <datafield tag="504" ind1=" " ind2=" ">
    <subfield code="a">Incluye referencias</subfield>
  </datafield>
  <datafield tag="520" ind1="3" ind2=" ">
    <subfield code="a">La investigaci&#xF3;n propone un programa de intervenci&#xF3;n para desarrollar la expresi&#xF3;n oral de los estudiantes del nivel primario. Basado en primer lugar, en la motivaci&#xF3;n, factor fundamental para el aprendizaje de una lengua extranjera y que el investigador sostiene utilizar juegos, canciones, y materiales did&#xE1;cticos, como estrategias de ense&#xF1;anza. En el estudio se plante&#xF3; como objetivo determinar la efectividad del programa Playing and learning en el desarrollo de la expresi&#xF3;n oral de los estudiantes del sexto grado del nivel primaria. La muestra estuvo constituida por 18 estudiantes, los que fueron evaluados, respecto a su expresi&#xF3;n oral, bajo los &#xED;tems de la lista de cotejo de expresi&#xF3;n oral, adaptada a partir de investigaciones de Wai King y Matilda Won, adaptadas a su vez del instrumento de SI Profiency ratings, bajo el titulo original de "Checklist of conversation performance". La investigaci&#xF3;n realizada es de tipo b&#xE1;sico, con enfoque cuantitativo, el dise&#xF1;o de la investigaci&#xF3;n es experimental de tipo pre-experimental. Los resultados obtenidos mediante la prueba T demostr&#xF3; que el programa fue efectivo en el desarrollo de la expresi&#xF3;n oral de idioma ingl&#xE9;s por an&#xE1;lisis del Sig.=0,000 que es menor que el valor de prueba (a=0,05), por lo que se concluye la aceptaci&#xF3;n de la hip&#xF3;tesis alterna favoreciendo la efectividad del programa Playing and learning en la expresi&#xF3;n oral del idioma ingl&#xE9;s.</subfield>
  </datafield>
  <datafield tag="526" ind1=" " ind2=" ">
    <subfield code="a">SEG44</subfield>
  </datafield>
  <datafield tag="526" ind1=" " ind2=" ">
    <subfield code="a">SEG26</subfield>
  </datafield>
  <datafield tag="526" ind1=" " ind2=" ">
    <subfield code="a">P151</subfield>
  </datafield>
  <datafield tag="526" ind1=" " ind2=" ">
    <subfield code="a">P150</subfield>
  </datafield>
  <datafield tag="526" ind1=" " ind2=" ">
    <subfield code="a">P149</subfield>
  </datafield>
  <datafield tag="526" ind1=" " ind2=" ">
    <subfield code="a">P146</subfield>
  </datafield>
  <datafield tag="526" ind1=" " ind2=" ">
    <subfield code="a">P145</subfield>
  </datafield>
  <datafield tag="526" ind1=" " ind2=" ">
    <subfield code="a">P126</subfield>
  </datafield>
  <datafield tag="526" ind1=" " ind2=" ">
    <subfield code="a">P125</subfield>
  </datafield>
  <datafield tag="526" ind1=" " ind2=" ">
    <subfield code="a">P92</subfield>
  </datafield>
  <datafield tag="526" ind1=" " ind2=" ">
    <subfield code="a">P75</subfield>
  </datafield>
  <datafield tag="526" ind1=" " ind2=" ">
    <subfield code="a">P74</subfield>
  </datafield>
  <datafield tag="526" ind1=" " ind2=" ">
    <subfield code="a">P27</subfield>
  </datafield>
  <datafield tag="526" ind1=" " ind2=" ">
    <subfield code="a">P15</subfield>
  </datafield>
  <datafield tag="650" ind1="0" ind2="4">
    <subfield code="a">Ni&#xF1;os</subfield>
    <subfield code="x">Ingl&#xE9;s</subfield>
    <subfield code="x">Ense&#xF1;anza</subfield>
    <subfield code="x">Planes y programas.</subfield>
  </datafield>
  <datafield tag="596" ind1=" " ind2=" ">
    <subfield code="a">1</subfield>
  </datafield>
  <datafield tag="942" ind1=" " ind2=" ">
    <subfield code="2">ddc</subfield>
    <subfield code="c">TESIS</subfield>
  </datafield>
  <datafield tag="999" ind1=" " ind2=" ">
    <subfield code="a">TE 2 M22 2013</subfield>
    <subfield code="w">ALPHANUM</subfield>
    <subfield code="c">9906</subfield>
    <subfield code="i">T01565</subfield>
    <subfield code="l">CCODEBUL3</subfield>
    <subfield code="m">BUL</subfield>
    <subfield code="r">1</subfield>
    <subfield code="s">Y</subfield>
    <subfield code="t">TESIS</subfield>
    <subfield code="u">2016-6-14</subfield>
    <subfield code="x">EDUCACION</subfield>
    <subfield code="P">P14</subfield>
    <subfield code="o">.STAFF. Tesis</subfield>
    <subfield code="d">9906</subfield>
  </datafield>
  <datafield tag="980" ind1=" " ind2=" ">
    <subfield code="8">1</subfield>
    <subfield code="g">ALBERTO SANCHEZ Responsable de Automatizaci&#xF3;n</subfield>
  </datafield>
  <datafield tag="952" ind1=" " ind2=" ">
    <subfield code="r">2022-07-06 00:00:00</subfield>
    <subfield code="l">0</subfield>
    <subfield code="o">TE 2 M22 2013</subfield>
    <subfield code="p">T01565</subfield>
    <subfield code="t">e1</subfield>
    <subfield code="w">2016-06-14</subfield>
    <subfield code="x">FACIHED</subfield>
    <subfield code="y">TESIS</subfield>
    <subfield code="z">Este &#xCD;tem NO se presta por ser Ejemplar #1.</subfield>
    <subfield code="1">0</subfield>
    <subfield code="2">ddc</subfield>
    <subfield code="7">1</subfield>
    <subfield code="8">TESIS</subfield>
    <subfield code="f">P14</subfield>
    <subfield code="a">BUL</subfield>
    <subfield code="b">BUL</subfield>
    <subfield code="c">TESIS</subfield>
    <subfield code="d">2016-06-14</subfield>
  </datafield>
</record>
